000 00347nam a2200133Ia 4500
008 190216s9999||||xx |||||||||||||| ||und||
100 _aGuptha .pp And Bhave. Ml
245 0 _aHydro-Dynamics Complex Variables & Linear Algebra
250 _a2nd Ed.
260 _bSulthan Chand &co
_c1982
300 _a161
650 _aMathematics
942 _cBK
999 _c30740
_d30740